Vlaggen van het FIFA Wereldkampioenschap 2026 - Statistieken

Algemene statistieken
  • Deze quiz is 75 keer genomen
  • De gemiddelde score is 37 van 42
Antwoordstatistieken
Foto Antwoord % Correct
Argentinië
100%
Brazilië
100%
Canada
100%
Frankrijk
100%
Japan
100%
Mexico
99%
Verenigde Staten
99%
Nieuw-Zeeland
97%
Zuid-Korea
97%
Iran
96%
Portugal
94%
Tunesië
94%
Australië
93%
Uruguay
93%
België
91%
Engeland
91%
Nederland
91%
Zwitserland
91%
Ecuador
90%
Marokko
90%
Oostenrijk
90%
Spanje
90%
Colombia
88%
Kroatië
88%
Noorwegen
88%
Qatar
88%
Zuid-Afrika
88%
Duitsland
87%
Schotland
87%
Algerije
85%
Egypte
85%
Saoedi-Arabië
85%
Ivoorkust
84%
Oezbekistan
84%
Ghana
81%
Panama
81%
Paraguay
81%
Senegal
79%
Kaapverdië
78%
Haïti
75%
Jordanië
74%
Curaçao
72%
Geen overeenkomende quizzen gevonden
Scoreverdeling
Procent van Mensen met Elke Score
Percentiel versus Aantal Correcte Antwoorden
Uw Scoregeschiedenis
U heeft deze quiz nog niet genomen